Kỹ thuật chăn nuôi lợn nái sinh sản

Uloženo v:
Podrobná bibliografie
Hlavní autor: Trần, Văn Phùng
Médium: Kniha
Jazyk:Undetermined
Vydáno: Hà Nội Lao động - Xã hội 2005
Témata:
Tagy: Přidat tag
Žádné tagy, Buďte první, kdo otaguje tento záznam!
Thư viện lưu trữ: Trung tâm Học liệu Trường Đại học Cần Thơ
LEADER 00549nam a2200193Ia 4500
001 CTU_103550
008 210402s9999 xx 000 0 und d
082 |a 636.40824 
082 |b Ph513 
100 |a Trần, Văn Phùng 
245 0 |a Kỹ thuật chăn nuôi lợn nái sinh sản 
245 0 |c Trần Văn Phùng 
260 |a Hà Nội 
260 |b Lao động - Xã hội 
260 |c 2005 
650 |a Swine 
650 |x Breeding 
904 |i Hiếu 
980 |a Trung tâm Học liệu Trường Đại học Cần Thơ